000 00531nam a2200181Ia 4500
008 100917s9999 xx 000 0 und d
082 _b64647
100 _aसरदेसाई लक्ष्मणराव - अनु.
245 _aब्राहमण
260 _bमहाराष्ट्र शासन
_c1973
300 _a144
365 _b6.5
520 _aकादंबरी
630 _aब्राहमण
650 _aकादंबरी
730 _aब्राहमण
942 _cBOOK
999 _c670041
_d670038